Cortes de los antiguos Reinos de Aragón y de Valencia y del Principado de Cataluña / (Record no. 49267)
[ view plain ]
| 000 -LEADER | |
|---|---|
| campo de control de longitud fija | 00598nam a2200157 i 4500 |
| 001 - NÚMERO DE CONTROL | |
| campo de control | 49267 |
| 003 - IDENTIFICADOR DE NÚMERO DE CONTROL | |
| campo de control | ES-MaACL |
| 005 - FECHA Y HORA DE LA ÚLTIMA TRANSACCIÓN | |
| campo de control | 20230906161921.0 |
| 007 - CAMPO FIJO DE DESCRIPCIÓN FÍSICA--INFORMACIÓN GENERAL | |
| campo de control de longitud fija | t| |
| 008 - DATOS DE LONGITUD FIJA--INFORMACIÓN GENERAL | |
| campo de control de longitud fija | 030711m18961922sp ||||1| spa d |
| 245 00 - MENCIÓN DEL TÍTULO | |
| Título | Cortes de los antiguos Reinos de Aragón y de Valencia y del Principado de Cataluña / |
| Mención de responsabilidad, etc. | publicadas por la Real Academia de la Historia... desde 1064 a 1479. |
| 260 ## - PUBLICACIÓN, DISTRIBUCIÓN, ETC. | |
| Lugar de publicación, distribución, etc. | Madrid : |
| Nombre del editor, distribuidor, etc. | [s.n.], |
| Fecha de publicación, distribución, etc. | 1896-1922 ( |
| Fabricante | Imp. de la Vda. de Tello) |
| 300 ## - DESCRIPCIÓN FÍSICA | |
| Extensión | 27 v. ; |
| Dimensiones | 33 cm. |
| 710 2# - ENTRADA AGREGADA--NOMBRE DE ENTIDAD CORPORATIVA | |
| Nombre de entidad corporativa o nombre de jurisdicción como elemento de entrada | Real Academia de la Historia (España) |
| 9 (RLIN) | 6309 |
| 852 ## - LOCALIZACIÓN | |
| Encuadernación | |
| -- | |
| Ubicación | BA |
| Número de control de estantería | R-2458-84 Olim: B-9417-45 |
| Estatus retirado | Estado de pérdida | Estado de daño | No para préstamo | Colección | Biblioteca de origen | Biblioteca actual | Ubicación en estantería | Fecha de adquisición | Fuente de adquisición | Total de préstamos | Signatura topográfica completa | Código de barras | Visto por última vez | Precio de reemplazo | Tipo de ítem Koha |
|---|---|---|---|---|---|---|---|---|---|---|---|---|---|---|---|
| Libros del s. XIX | Biblioteca del Ateneo de Madrid | Biblioteca del Ateneo de Madrid | Depósito | 17/01/2008 | R-2458-84 | 1051845 | 23/02/2023 | 23/02/2023 | Libro impreso antiguo |
